000 00642nam a2200205Ia 4500
003 GCL
008 140319s9999 xx 000 0 ara d
040 _aGCL /
_cGCL
082 0 4 _a153.35
_bع س
100 1 _aعبدالرحمن العيسوى
245 1 0 _aسيكولوجية الابداع: دراسة فى تنمية السمات الابداعية /
_cعبدالرحمن العيسوى
300 _a181 ص
490 _a
650 0 4 _aالموهبة
650 0 4 _aالابداع الادبى والفنى
650 0 4 _aالابتكار
650 0 4 _aالتخيل الابداعى
650 0 4 _aالابداع
942 _2ddc
_cBK
999 _c38669
_d38669